• 首页
  • 本馆介绍
  • 公告通知
  • 最新文献
  • 馆藏检索
  • 电子资源
  • 读者导购
  • 参考咨询
  • 我的图书馆
  • 登录
  • 详细信息显示
  • 放入我的书架
  • 预约/预借图书
  • 作者相关作品
  • 分类相关作品
  • 丛书相关作品
  • 出版社相关作品

书目信息

  • 表格格式
  • 工作单格式
  • 卡片格式
题名:
毛泽东家世
    
 
作者: 李湘文 编著
分册:  
出版信息: 北京   人民出版社  1996
页数: 666页
开本: 21cm
丛书名:
单 册:
中图分类: K820.97 , A752 , A752
科图分类: 26.124
主题词: 家族-毛泽东--简介 , 毛泽东--生平事迹 , 毛泽东--传记
电子资源:
ISBN: 7-01-001476-0
000 00745nam0 2200289 45
001 1230020830
005 20090928105407.29
010    @a7-01-001476-0@dCNY35.00
100    @a19970617d1996 em y0chiy0121 ea
101 0  @achi
102    @aCN@b110000
105    @af z 000yc
200 10 @a毛泽东家世@Amao ze dong jia shi@f李湘文编著
205    @a2版(增订本)
210    @a北京@c人民出版社@d1996
215    @a666页@c照片@d21cm
600  0 @a毛泽东-家族@x简介
606 0  @a家族-毛泽东@x简介
606 0  @a毛泽东@x生平事迹
606 0  @a毛泽东@x传记
690    @aK820.97@v3
690    @aA752@v3
690    @aA752@v4
692    @a26.124
701  0 @a李湘文@Ali xiang wen@4编著
801  0 @aCN@bTSSF@c19970729
905    @a10447@dA752@eJY24
    
    毛泽东家世/李湘文编著.-2版(增订本).-北京:人民出版社,1996
    666页:照片;21cm
    
    
    ISBN 7-01-001476-0:CNY35.00
    
●
相关链接 在E读中查询图书 在五车中查询图书 在当当中查询图书 在豆瓣中查询图书


正题名:毛泽东家世     索取号:A752/JY24         预约/预借

序号 登录号 条形码 馆藏地/架位号 状态 备注
1 7814972   278149727   学院路分馆/ [索取号:A752/JY24] 在馆    
2 7814973   278149736   学院路分馆/ [索取号:A752/JY24] 在馆    
3 7814974   278149745   学院路分馆/ [索取号:A752/JY24] 在馆    
4 7814975   278149754   学院路分馆/ [索取号:A752/JY24] 在馆    
唐山师范学院图书馆 欢迎您!
大连网信软件有限公司© 版权所有